Vista normal
Vista MARC
- Encuentro Internacional "Salud, Comunicación y Sociedad"
Entrada Nombre congreso
Número de registros utilizados en: 1
001 - NÚMERO DE CONTROL
- campo de control: 1458
003 - IDENTIFICADOR DEL NÚMERO DE CONTROL
- campo de control: ES-MaFIAP
005 - FECHA Y HORA DE LA ÚLTIMA TRANSACCIÓN
- campo de control: 20231102122816.0
008 - DATOS DE LONGITUD FIJA
- campo de control de longitud fija: 231102|| aca||aabn | a|a d
040 ## - FUENTE DE LA CATALOGACIÓN
- Centro catalogador/agencia de origen: ES-MaFIAP
- Centro/agencia transcriptor: ES-MaFIAP
111 ## - ENCABEZAMIENTO--NOMBRE DE CONGRESO/REUNIÓN
- Nombre de congreso/reunión o jurisdicción como elemento de entrada: Encuentro Internacional "Salud, Comunicación y Sociedad"
- Fecha del congreso o de la firma del tratado: 1997
- Sede del congreso/Lugar de la reunión: Madrid
670 ## - FUENTE DE DATOS ENCONTRADOS
- Cita de la fuente: Work cat.: (ES-MaFIAP)502: Encuentro Internacional "Salud, Comunicación y Sociedad" 1997 Madrid, Salud, comunicación y sociedad, [1999]





